000 00471nam a2200193 a 4500
001 28638
005 20180713231548.0
008 140415s1994 mx 000 0 spa d
020 _a9681325559
041 _aspa
082 _a370
_bPOM
100 1 _aDOMAN, GLENN
245 1 0 _aCOMO ENSEÑAR MATEMATICAS A SU BEBE
250 _a1a ed.
260 _aMEXICO :
_bDIANA,
_c1994
300 _a213
650 1 4 _aEDUCACION
700 1 _aDOMAN, JANET
_etr.
999 _c28638
_d28638